Leadership (Record no. 48975)

MARC details
000 -LEADER
fixed length control field 01007nam a2200253 a 4500
008 - FIXED-LENGTH DATA ELEMENTS--GENERAL INFORMATION
fixed length control field 120416s1991 ||||||||||||||||| || u
020 ## - INTERNATIONAL STANDARD BOOK NUMBER
International Standard Book Number 1555422187
050 ## - LIBRARY OF CONGRESS CALL NUMBER
Classification number HD 57.7 Koe
100 ## - MAIN ENTRY--PERSONAL NAME
Personal name Koestenbaum, Peter, 1928-
245 10 - TITLE STATEMENT
Title Leadership
246 ## - VARYING FORM OF TITLE
Title proper/short title the inner side of greatness, a philosophy for leaders
250 ## - EDITION STATEMENT
Edition statement 1st ed.
260 ## - PUBLICATION, DISTRIBUTION, ETC.
Place of publication, distribution, etc. San Francisco
Name of publisher, distributor, etc. Jossey-Bass Publishers
Date of publication, distribution, etc. 1991
300 ## - PHYSICAL DESCRIPTION
Extent xvii, 369p. : ill
350 ## - PRICE (NR) (BK AM CF MU VM SE) [OBSOLETE]
Price 0.00
490 ## - SERIES STATEMENT
Series statement The Jossey-Bass management series
500 ## - GENERAL NOTE
General note Includes bibliographical references (p. 353-355) and index.
650 #0 - SUBJECT ADDED ENTRY--TOPICAL TERM
Topical term or geographic name entry element LEADERSHIP
650 #0 - SUBJECT ADDED ENTRY--TOPICAL TERM
Topical term or geographic name entry element BUSINESS
856 ## - ELECTRONIC LOCATION AND ACCESS
Uniform Resource Identifier <a href="http://www.loc.gov/catdir/toc/wiley022/90050858.html">http://www.loc.gov/catdir/toc/wiley022/90050858.html</a>
856 ## - ELECTRONIC LOCATION AND ACCESS
Uniform Resource Identifier <a href="http://www.loc.gov/catdir/enhancements/fy0607/90050858-d.html">http://www.loc.gov/catdir/enhancements/fy0607/90050858-d.html</a>
856 ## - ELECTRONIC LOCATION AND ACCESS
Uniform Resource Identifier <a href="http://www.loc.gov/catdir/enhancements/fy0607/90050858-b.html">http://www.loc.gov/catdir/enhancements/fy0607/90050858-b.html</a>
995 ## - RECOMMENDATION 995 [LOCAL, UNIMARC FRANCE]
-- 0.00
-- CBU-MAIN LIBRARY (Kitwe)
-- 1
-- 29.95
-- 1
-- AVAILABLE
-- Main Library Open Access Collection
Holdings
Withdrawn status Lost status Source of classification or shelving scheme Damaged status Not for loan Home library Current library Shelving location Date acquired Total Checkouts Full call number Barcode Date last seen Price effective from Koha item type
          CBU-MAIN LIBRARY, KITWE. CBU-MAIN LIBRARY, KITWE.   11/30/2022   HD 57.7 Koe 003563 11/30/2022 11/30/2022 MONOGRAPH